000 00392pab a2200157 454500
008 180718b1976 xxu||||| |||| 00| 0 eng d
100 _aHanda, K.L.
245 _aImportance of social indicators in a scheme of programme budgeting
260 _c1976
300 _ap.103-108.
362 _aApr-Jun
650 _aBudgetary control
773 _aNagarlok
908 _aN
909 _a102396
999 _c102394
_d102394